000 00579cam a2200193 4500500
005 20260405001505.0
041 _afre
042 _adc
100 1 0 _aNathan, Tobie
_eauthor
245 0 0 _aPrésentation de ma philosophie
260 _c2013.
500 _a49
690 _aCatherine Portevin
690 _aMarcel Conche
690 _aParcours
690 _aPrésocratiques
786 0 _nPhilosophie magazine | 69 | 5 | 2013-05-01 | p. 58-58 | 1951-1787
856 4 1 _uhttps://shs.cairn.info/magazine-philosophie-magazine-2013-5-page-58?lang=fr&redirect-ssocas=7080
999 _c2048228
_d2048228